Central Library OPAC University of Rajshahi

Mental health and infant development : (Record no. 1299)

MARC details
000 -LEADER
fixed length control field 00877nam a22002651a 4500
001 - CONTROL NUMBER
control field 1299
003 - CONTROL NUMBER IDENTIFIER
rucl marc code BD-RjUL
005 - DATE AND TIME OF LATEST TRANSACTION
control field 20211208233318.0
008 - FIXED-LENGTH DATA ELEMENTS--GENERAL INFORMATION
fixed length control field 131125s1955 enk 001 0 eng d
035 ## - SYSTEM CONTROL NUMBER
System control number (BD-RjUL)1321
System control number (BD-RjUL)
040 ## - CATALOGING SOURCE
Original cataloging agency NUN
Language of cataloging eng
Transcribing agency NUN
Modifying agency WCX
041 ## - LANGUAGE CODE
Language code of text/sound track or separate title eng
082 00 - DEWEY DECIMAL CLASSIFICATION NUMBER
Classification number 136.735
Edition number 20
Author mark and year MEN 1955
110 2# - MAIN ENTRY--CORPORATE NAME
Corporate name or jurisdiction name as entry element World Federation for Mental Health.
9 (RLIN) 3852
245 00 - TITLE STATEMENT
Title Mental health and infant development :
Statement of responsibility, etc. edited by Kenneth Soddy.
Remainder of title proceedings of the international seminar held by the World Federation for Mental Health at Chchester, England /
260 ## - PUBLICATION, DISTRIBUTION, ETC. (IMPRINT)
Place of publication, distribution, etc. London :
Name of publisher, distributor, etc. Routledge,
Date of publication, distribution, etc. 1955.
300 ## - PHYSICAL DESCRIPTION
Pagination v. 1, [xix]308 p. ;
Size 22 cm.
504 ## - BIBLIOGRAPHY, ETC. NOTE
Bibliography, etc Includes index.
505 0# - FORMATTED CONTENTS NOTE
Formatted contents note V.1, Papers and discussions.
650 #0 - SUBJECT ADDED ENTRY--TOPICAL TERM
Topical term or geographic name as entry element Child psychology.
9 (RLIN) 3848
Topical term or geographic name as entry element Mental health.
9 (RLIN) 3849
700 1# - ADDED ENTRY--PERSONAL NAME
Personal name Soddy, Kenneth.
942 ## - ADDED ENTRY ELEMENTS (KOHA)
Source of classification or shelving scheme Dewey Decimal Classification
Koha item type Books
Holdings
Lost status Source of classification or shelving scheme Materials specified (bound volume or other part) Damaged status Not for loan Collection code Permanent Location Current Location Shelving location Date acquired Source of acquisition Cost, normal purchase price Total Checkouts Full call number Date last seen Copy number Koha item type
  Dewey Decimal Classification V-1   Not For Loan Non-fiction Central Library, University of Rajshahi Central Library, University of Rajshahi   01/02/1956 ABC 20.50   136.735 MEN 1955 25/11/2013 C-1 Books